[Event "Championnat de France - Open B"]
[Site "Nimes"]
[Date "2009.08.20"]
[Round "9.10"]
[White "Lemeille, Francois"]
[Black "Daugeat, Pascal"]
[Result "0-1"]
[WhiteElo "1940"]
[BlackElo "1883"]
[PlyCount "68"]

1. e4 e6 2. d4 d5 3. Nd2 Nf6 4. e5 Nfd7 5. f4 c5 6. c3 cxd4 7. cxd4 Nc6 8. Ndf3
Qb6 9. g3 Bb4+ 10. Kf2 f6 11. Kg2 O-O 12. h4 Rf7 13. Bd3 Nf8 14. Ne2 Bd7 15. g4
Be8 16. h5 fxe5 17. fxe5 Qd8 18. Qg1 Rc7 19. Qh2 Be7 20. Rf1 Nb4 21. Bb1 Nc2
22. g5 Bb5 23. Kh1 Rac8 24. g6 Bxe2 25. gxh7+ Nxh7 26. h6 Bxf3+ 27. Rxf3 Bg5
28. Rc3 Rxc3 29. bxc3 Nxa1 30. Bb2 Qf8 31. Qh3 Qf7 32. Bxa1 Rf8 33. Bd3 Qf3+
34. Kh2 Qxh3+ 0-1

[Event "Championnat de France - Open B"]
[Site "Nimes"]
[Date "2009.08.21"]
[Round "10.1"]
[White "Gelas, Christophe"]
[Black "Domenech, Vianney"]
[Result "0-1"]
[WhiteElo "1947"]
[BlackElo "1984"]
[PlyCount "98"]
[EventDate "2009.??.??"]

1. d4 d5 2. c4 c6 3. cxd5 cxd5 4. Nc3 Nf6 5. Bf4 Nc6 6. e3 Bf5 7. Qb3 Na5 8.
Bb5+ Bd7 9. Qa4 e6 10. Nf3 Nc4 11. Ne5 Nxe5 12. dxe5 a6 13. exf6 axb5 14. fxg7
Bxg7 15. Qb4 Qa5 16. Bd6 Bxc3+ 17. bxc3 Qxb4 18. Bxb4 Rg8 19. g3 Bc6 20. O-O f6
21. f4 h5 22. Kf2 h4 23. Rg1 hxg3+ 24. Rxg3 Kf7 25. a3 Rh8 26. h3 Rh7 27. Rag1
Rg8 28. Ke2 Re8 29. Kd3 Bd7 30. Bd6 e5 31. fxe5 Bf5+ 32. Kd2 fxe5 33. Bb4 Ke6
34. Rg7 Reh8 35. h4 Rxg7 36. Rxg7 Rxh4 37. Re7+ Kf6 38. Rxb7 Rh2+ 39. Kc1 Bd3
40. Rc7 Kf5 41. Rg7 Re2 42. Rg3 Ke4 43. Bf8 Rc2+ 44. Kd1 Rxc3 45. Rg5 Rb3 46.
Bg7 Kxe3 47. Rxe5+ Be4 48. Bh6+ Kd3 49. Bc1 Rb1 0-1

[Event "Championnat de France - Open B"]
[Site "Nimes"]
[Date "2009.08.21"]
[Round "10.2"]
[White "Feryn, Benjamin"]
[Black "Masset, Jacques"]
[Result "1-0"]
[WhiteElo "1954"]
[BlackElo "1946"]
[PlyCount "69"]
[EventDate "2009.??.??"]

1. e4 c5 2. Nf3 Nc6 3. d4 cxd4 4. Nxd4 Nf6 5. Nc3 e5 6. Ndb5 d6 7. Bg5 a6 8.
Na3 b5 9. Nd5 Qa5+ 10. Bd2 Qd8 11. Nxf6+ Qxf6 12. c4 b4 13. Nc2 Rb8 14. Be2 Qg6
15. O-O Bd7 16. f3 Be7 17. Kh1 O-O 18. Ne3 Nd4 19. Nd5 Bg5 20. Bxb4 f5 21. Bc3
Nxe2 22. Qxe2 f4 23. Rfd1 Qh6 24. Be1 Rfc8 25. b3 Bd8 26. Qd2 Rc6 27. Bf2 a5
28. Rab1 g5 29. Nc3 g4 30. fxg4 Bxg4 31. Qd5+ Kh8 32. Qxc6 f3 33. Rxd6 fxg2+
34. Kg1 Qf4 35. Qe8+ 1-0

[Event "Championnat de France - Open B"]
[Site "Nimes"]
[Date "2009.08.21"]
[Round "10.4"]
[White "Canterel, Remi"]
[Black "Lepot, Simon"]
[Result "1/2-1/2"]
[WhiteElo "1842"]
[BlackElo "1981"]
[PlyCount "62"]
[EventDate "2009.??.??"]

1. e4 c5 2. Nc3 Nc6 3. g3 g6 4. Bg2 Bg7 5. f4 d6 6. Nf3 e6 7. O-O Nge7 8. d3
O-O 9. Qe1 Nd4 10. Qf2 Rb8 11. e5 Nxf3+ 12. Qxf3 dxe5 13. fxe5 Nc6 14. Ne4 Nxe5
15. Qe2 Nd7 16. Nd6 Qe7 17. Nxc8 Rfxc8 18. Bf4 e5 19. Bd2 f6 20. a4 Rd8 21. a5
Nf8 22. Be3 Ne6 23. Rfd1 Qd6 24. Qf2 b6 25. axb6 axb6 26. Ra3 f5 27. Rf1 Rf8
28. Ra2 g5 29. Qe2 g4 30. Bf2 h5 31. Re1 Rf6 1/2-1/2

[Event "Championnat de France - Open B"]
[Site "Nimes"]
[Date "2009.08.21"]
[Round "10.5"]
[White "Nobili, Denis"]
[Black "Chanel, Virgile"]
[Result "1-0"]
[WhiteElo "1944"]
[BlackElo "1910"]
[PlyCount "55"]
[EventDate "2009.??.??"]

1. d4 d5 2. c4 dxc4 3. Nf3 e6 4. e3 b5 5. a4 c6 6. b3 Bb4+ 7. Bd2 Bxd2+ 8. Qxd2
a5 9. bxc4 b4 10. Bd3 Nf6 11. O-O O-O 12. Qc2 Bb7 13. e4 Ne8 14. Nbd2 Nd7 15.
e5 g6 16. c5 Ba6 17. Ne4 Bxd3 18. Qxd3 Nb8 19. Nfg5 Kg7 20. f4 Na6 21. Nd6 Nac7
22. Rf3 h6 23. Nge4 Nd5 24. Kh1 Rh8 25. Raf1 Nxd6 26. Nxd6 Nc3 27. Rg3 Kf8 28.
Nxf7 1-0

[Event "Championnat de France - Open B"]
[Site "Nimes"]
[Date "2009.08.21"]
[Round "10.6"]
[White "Mestdagh, Franck"]
[Black "Daugeat, Pascal"]
[Result "1-0"]
[WhiteElo "1937"]
[BlackElo "1883"]
[PlyCount "103"]
[EventDate "2009.??.??"]

1. e4 e6 2. d4 d5 3. e5 c5 4. c3 Nc6 5. Nf3 Qb6 6. a3 cxd4 7. cxd4 f6 8. exf6
Nxf6 9. Nc3 Bd6 10. b4 a6 11. Bd3 O-O 12. O-O Bd7 13. Bb2 Be8 14. Na4 Qc7 15.
Re1 Bh5 16. Nc5 Bxc5 17. dxc5 e5 18. Be2 Bg6 19. Qb3 Kh8 20. Nh4 Bf7 21. Nf5
Ne4 22. h3 d4 23. Qc2 Nf6 24. Nd6 Bg6 25. Bd3 Bxd3 26. Qxd3 Nd5 27. Re4 Nf4 28.
Qc4 Qd7 29. Bc1 Ng6 30. Bd2 Rf6 31. Rf1 Raf8 32. Bg5 Rxd6 33. cxd6 Qxd6 34. Qd3
h6 35. Bd2 Rf6 36. f4 Qf8 37. fxe5 Ngxe5 38. Rxf6 Qxf6 39. Qg3 g5 40. h4 Qf5
41. Re1 Qd3 42. Qxd3 Nxd3 43. Re8+ Kg7 44. hxg5 hxg5 45. Bxg5 Nb2 46. Rc8 Nc4
47. Rc7+ Kg6 48. Bc1 d3 49. Rxb7 d2 50. Bxd2 Nxd2 51. Rb6 Nb1 52. Rxc6+ 1-0

[Event "Championnat de France - Open B"]
[Site "Nimes"]
[Date "2009.08.21"]
[Round "10.7"]
[White "Le Ray, Olivier"]
[Black "Garnier, Teddy"]
[Result "1-0"]
[WhiteElo "1925"]
[BlackElo "1825"]
[PlyCount "93"]
[EventDate "2009.??.??"]

1. e4 Nf6 2. e5 Nd5 3. Bc4 Nb6 4. Bb3 d5 5. d4 Bf5 6. Ne2 h6 7. O-O e6 8. Ng3
Bh7 9. f4 c5 10. c3 c4 11. Bc2 Bxc2 12. Qxc2 g6 13. Nd2 Qc7 14. Nf3 Nc6 15. Be3
Ne7 16. Nh4 Nf5 17. Nhxf5 gxf5 18. Nh5 Be7 19. Ng7+ Kd7 20. Nxf5 exf5 21. Qxf5+
Ke8 22. Qh5 Qc6 23. f5 Rh7 24. Rae1 Kd8 25. Bf4 Nd7 26. f6 Bf8 27. Qf5 Rh8 28.
e6 Bd6 29. Bxd6 Qxd6 30. exd7 Kc7 31. Re5 Kc6 32. Rfe1 Rad8 33. Re8 Rf8 34.
Rxf8 Qxf8 35. Re7 Qg8 36. Kf2 b5 37. Kf3 a6 38. g4 a5 39. h4 b4 40. h5 bxc3 41.
bxc3 Ra8 42. Qe5 Qh7 43. Qf5 Qg8 44. Re5 Qf8 45. Rxd5 Qa3 46. Rc5+ Kb6 47. Rxc4
1-0

[Event "Championnat de France - Open B"]
[Site "Nimes"]
[Date "2009.08.21"]
[Round "10.8"]
[White "Collier, Timothy"]
[Black "Assedo, Johaquim"]
[Result "1/2-1/2"]
[WhiteElo "1920"]
[BlackElo "1823"]
[Annotator "Rivier,Sylvain"]
[PlyCount "74"]
[EventDate "2009.??.??"]

1. d4 d5 2. c4 Nf6 3. Nc3 c6 4. cxd5 cxd5 5. Nf3 Nc6 6. Bf4 Bf5 7. e3 Rc8 8.
Rc1 e6 9. Bd3 Bxd3 10. Qxd3 Bb4 11. Bg5 Qa5 12. Bxf6 gxf6 13. a3 Bxc3+ 14. Qxc3
Qxc3+ 15. Rxc3 Kd7 16. Ke2 Na5 17. Rhc1 Rxc3 18. Rxc3 Rc8 19. Rxc8 Kxc8 20. Kd3
Nc4 21. Kc3 Nd6 22. Nd2 e5 23. f3 Kd7 24. a4 Nf5 25. Kd3 Ke6 26. g4 Nd6 27. e4
b6 28. b3 Nb7 29. h3 Nd8 30. Ke3 Nc6 31. exd5+ Kxd5 32. dxe5 fxe5 33. Ne4 Nd4
34. Nf6+ Ke6 35. Nxh7 a6 36. f4 Nxb3 37. fxe5 Kxe5 {suite illisible} 1/2-1/2

[Event "Championnat de France - Open B"]
[Site "Nimes"]
[Date "2009.08.21"]
[Round "10.9"]
[White "Youssoupov, Moisse"]
[Black "Gros, Alexandre"]
[Result "1-0"]
[WhiteElo "1911"]
[BlackElo "1780"]
[PlyCount "55"]
[EventDate "2009.??.??"]

1. d4 Nf6 2. Nf3 e6 3. Bf4 c5 4. c3 Qb6 5. Qb3 Nc6 6. e3 d6 7. Nbd2 Nh5 8. Bg5
h6 9. Bh4 cxd4 10. Qxb6 axb6 11. exd4 g5 12. Bg3 f5 13. h3 Nxg3 14. fxg3 Bd7
15. Nc4 Ra6 16. Na3 Ra5 17. Nc4 Ra6 18. d5 exd5 19. Ne3 Ra5 20. a3 Bg7 21.
O-O-O Be6 22. Nc2 O-O 23. Be2 Re8 24. Rhe1 Re7 25. Bf1 Bf6 26. c4 dxc4 27. Rxd6
Rd5 28. Rdxe6 1-0

[Event "Championnat de France - Open B"]
[Site "Nimes"]
[Date "2009.08.21"]
[Round "10.10"]
[White "Heuveline, Gregory"]
[Black "Lycaon, Xavier"]
[Result "1-0"]
[WhiteElo "1987"]
[BlackElo "1920"]
[PlyCount "65"]
[EventDate "2009.??.??"]

1. f4 d5 2. Nf3 Nf6 3. e3 g6 4. b3 Bg7 5. Bb2 c5 6. c4 dxc4 7. Bxc4 O-O 8. O-O
a6 9. a4 Nc6 10. Ne5 Nxe5 11. Bxe5 Bf5 12. d3 Qd7 13. Nc3 Rad8 14. e4 Bg4 15.
Qe1 Be6 16. Rd1 Ng4 17. Bxg7 Kxg7 18. Kh1 Nf6 19. Rf2 Qc6 20. Rfd2 Rd4 21. Ne2
Rd7 22. f5 Bxc4 23. bxc4 Qxa4 24. e5 Ng4 25. Qg3 Nh6 26. Rf1 Ng8 27. Nf4 Qc6
28. e6 fxe6 29. fxg6 Nf6 30. gxh7+ Kxh7 31. Qg6+ Kh8 32. Qh6+ Kg8 33. Rf3 1-0

[Event "Championnat de France - Open B"]
[Site "Nimes"]
[Date "2009.08.22"]
[Round "11.1"]
[White "Penalver, Frederic"]
[Black "Feryn, Benjamin"]
[Result "0-1"]
[WhiteElo "1963"]
[BlackElo "1954"]
[PlyCount "106"]
[EventDate "2009.??.??"]

1. e4 e5 2. Nf3 Nc6 3. Bb5 Nge7 4. c3 g6 5. d4 exd4 6. cxd4 Bg7 7. O-O O-O 8.
Nc3 d5 9. exd5 Nxd5 10. Bc4 Be6 11. Bg5 f6 12. Qd2 Kh8 13. Bh6 Bxh6 14. Qxh6
Nxc3 15. Bxe6 Ne2+ 16. Kh1 Nexd4 17. Nxd4 Nxd4 18. Rad1 c5 19. Rfe1 Qc7 20. Bc4
Rfe8 21. Bd3 Qf7 22. Rxe8+ Rxe8 23. h4 Re5 24. Bxg6 Qg7 25. Qxg7+ Kxg7 26. Bd3
b5 27. b4 cxb4 28. Bxh7 b3 29. axb3 Nxb3 30. Rd7+ Kh8 31. Rxa7 b4 32. Bd3 Nc5
33. Bc4 b3 34. Ra8+ Kg7 35. Rb8 Re4 36. Bxb3 Rxh4+ 37. Kg1 Nxb3 38. Rxb3 Kg6
39. Rg3+ Kf5 40. Rf3+ Kg5 41. g3 Ra4 42. Rb3 Ra5 43. Kg2 Rc5 44. Rb8 Ra5 45.
Rg8+ Kh6 46. f4 Kh7 47. Rg4 Kh6 48. Kf3 Kh7 49. Ke4 f5+ 50. Kf3 fxg4+ 51. Kxg4
Kg6 52. Kf3 Ra3+ 53. Kg4 Rb3 0-1

[Event "Championnat de France - Open B"]
[Site "Nimes"]
[Date "2009.08.22"]
[Round "11.2"]
[White "Domenech, Vianney"]
[Black "Nobili, Denis"]
[Result "1-0"]
[WhiteElo "1984"]
[BlackElo "1944"]
[PlyCount "65"]
[EventDate "2009.??.??"]

1. d4 d5 2. Bf4 Nf6 3. e3 c5 4. c3 Nc6 5. Nd2 Bf5 6. Ngf3 e6 7. Be2 cxd4 8.
Nxd4 Nxd4 9. cxd4 Bd6 10. Qa4+ Ke7 11. Be5 Qb6 12. O-O Rhc8 13. Rac1 a6 14.
Bxd6+ Qxd6 15. b4 Ng4 16. Bxg4 Bxg4 17. Rc5 b5 18. Qc2 Rxc5 19. bxc5 Qc6 20.
Qxh7 Be2 21. Re1 Bc4 22. Qc2 Rh8 23. h3 f5 24. Nf3 Kf6 25. Qd2 Qc7 26. e4 dxe4
27. Qg5+ Kf7 28. Ne5+ Kg8 29. c6 Bxa2 30. Ra1 Bd5 31. Rxa6 Qc8 32. Ra7 Rh7 33.
Rd7 1-0

[Event "Championnat de France - Open B"]
[Site "Nimes"]
[Date "2009.08.22"]
[Round "11.3"]
[White "Le Ray, Olivier"]
[Black "Mestdagh, Franck"]
[Result "1-0"]
[WhiteElo "1925"]
[BlackElo "1937"]
[PlyCount "103"]
[EventDate "2009.??.??"]

1. e4 c5 2. Nf3 d6 3. d4 cxd4 4. Nxd4 Nf6 5. Nc3 a6 6. Be3 e6 7. Qd2 Be7 8. f3
b5 9. O-O-O Bb7 10. g4 Nfd7 11. Bd3 Nb6 12. h4 N8d7 13. Qf2 Rc8 14. g5 Rxc3 15.
bxc3 Na4 16. Ne2 d5 17. exd5 Bxd5 18. Be4 Bxa2 19. Bc6 Ba3+ 20. Kd2 Qc7 21.
Bxd7+ Kxd7 22. Ke1+ Ke7 23. Bf4 Qb7 24. Ra1 Bc5 25. Nd4 Bd5 26. Qe3 Rc8 27. Qe5
Bxf3 28. Qxg7 Qe4+ 29. Kf1 Qxf4 30. Qf6+ Qxf6 31. gxf6+ Kxf6 32. Nxf3 Bb6 33.
Ng5 Kg6 34. Ne4 Rc4 35. h5+ Kg7 36. Re1 Nxc3 37. Nxc3 Rxc3 38. Re2 Rg3 39. Ke1
Rg1+ 40. Rxg1+ Bxg1 41. Rg2+ Kh6 42. Rxg1 Kxh5 43. Rg7 f5 44. Rxh7+ Kg5 45. Ra7
e5 46. Rxa6 e4 47. Rb6 f4 48. Rxb5+ Kg4 49. Kf2 e3+ 50. Ke2 Kg3 51. Rg5+ Kh4
52. Rg8 1-0

[Event "Championnat de France - Open B"]
[Site "Nimes"]
[Date "2009.08.22"]
[Round "11.4"]
[White "Youssoupov, Moisse"]
[Black "Heuveline, Gregory"]
[Result "1/2-1/2"]
[WhiteElo "1911"]
[BlackElo "1987"]
[PlyCount "107"]
[EventDate "2009.??.??"]

1. d4 d5 2. Nf3 c6 3. c4 Nf6 4. Bf4 e6 5. e3 Be7 6. h3 Nbd7 7. Nc3 Qa5 8. Nd2
a6 9. c5 b5 10. a3 Qd8 11. b4 a5 12. Nb3 a4 13. Na5 Rxa5 14. bxa5 Qxa5 15. Qd2
Nh5 16. Bh2 g6 17. Na2 Qa8 18. Rc1 f5 19. Bd3 Nhf6 20. f3 e5 21. Nb4 e4 22. Bb1
Nf8 23. fxe4 fxe4 24. O-O Ne6 25. Rf2 Bd7 26. Rcf1 O-O 27. Be5 Qd8 28. Bc2 h5
29. Bd1 Ng7 30. Qa2 Kh7 31. g4 h4 32. g5 Nfh5 33. Rxf8 Bxf8 34. Bxh5 Nxh5 35.
Kh2 Bg7 36. Bxg7 Nxg7 37. Qf2 Qc7+ 38. Kg2 Nf5 39. Rg1 Qg3+ 40. Qxg3 Nxg3 41.
Na6 Kg7 42. Nb8 Be8 43. Kf2 Nf5 44. Rg4 Kf7 45. Rf4 Ke6 46. Na6 Ke7 47. Nb4 Bd7
48. Ke2 Ke6 49. Kd2 Ke7 50. Nc2 Kd8 51. Ne1 b4 52. axb4 Bc8 53. Nc2 Ba6 54. Na3
1/2-1/2

[Event "Championnat de France - Open B"]
[Site "Nimes"]
[Date "2009.08.22"]
[Round "11.5"]
[White "Lepot, Simon"]
[Black "Rouffignac, Tanguy"]
[Result "1-0"]
[WhiteElo "1981"]
[BlackElo "1740"]
[PlyCount "79"]
[EventDate "2009.??.??"]

1. e4 e5 2. Nf3 Nc6 3. Bb5 a6 4. Ba4 Nf6 5. O-O b5 6. Bb3 Bc5 7. c3 d6 8. a4
Bb7 9. d3 Bb6 10. Be3 Bxe3 11. fxe3 Ne7 12. Nbd2 O-O 13. Qe1 Ng6 14. Qg3 Qe7
15. h4 c6 16. d4 c5 17. Ng5 c4 18. Bc2 h6 19. Ngf3 Rad8 20. Rae1 Nh5 21. Qg4
Nf6 22. Qg3 Nh5 23. Qh2 Bc8 24. axb5 axb5 25. b3 Qc7 26. bxc4 bxc4 27. Rb1 exd4
28. exd4 Ngf4 29. Rfe1 d5 30. exd5 Rxd5 31. Ne5 f6 32. Ng6 Ng3 33. Qxg3 Ne2+
34. Rxe2 Qxg3 35. Ne7+ Kh8 36. Nxd5 f5 37. Nf3 f4 38. Rb8 g5 39. Re7 g4 40.
Rh7+ 1-0

[Event "Championnat de France - Open B"]
[Site "Nimes"]
[Date "2009.08.22"]
[Round "11.6"]
[White "Banuls, Adrien"]
[Black "Gelas, Christophe"]
[Result "1-0"]
[WhiteElo "1912"]
[BlackElo "1947"]
[PlyCount "121"]
[EventDate "2009.??.??"]

1. e4 c5 2. c3 d5 3. exd5 Qxd5 4. d4 Nc6 5. Nf3 Bg4 6. Be2 e6 7. O-O Nf6 8. c4
Qd7 9. dxc5 Qxd1 10. Rxd1 Bxc5 11. Nc3 O-O 12. a3 Rad8 13. Bg5 Bxf3 14. Bxf3
Ne5 15. Be2 Bd4 16. Rab1 Bxc3 17. Rxd8 Rxd8 18. bxc3 Rd7 19. f3 Kf8 20. Bf4 Nc6
21. Kf2 Ke7 22. g4 b6 23. g5 Ne8 24. Be3 Nc7 25. Rb3 Na5 26. Rb1 Nb7 27. Bd4
Ne8 28. Bd3 g6 29. Be4 Nbd6 30. c5 bxc5 31. Bxc5 Rc7 32. Bb4 f5 33. Bd3 Kf7 34.
a4 Nc4 35. Bxc4 Rxc4 36. Rd1 Rc7 37. Ba5 Rb7 38. c4 e5 39. c5 Rb2+ 40. Kg1 Rc2
41. Rd7+ Ke6 42. Rxh7 Rxc5 43. Rxa7 e4 44. Bb4 Rc7 45. Rxc7 Nxc7 46. fxe4 fxe4
47. Bd2 Ke5 48. Kf2 Kd4 49. a5 Kd3 50. Be3 Kc4 51. h4 Kb5 52. Kg3 Nd5 53. Bd2
e3 54. Be1 Kc5 55. Kf3 Ne7 56. Kxe3 Nf5+ 57. Kf4 Ng7 58. Ke5 Nh5 59. Ke6 Kb5
60. Kf7 Nf4 61. Bg3 1-0

[Event "Championnat de France - Open B"]
[Site "Nimes"]
[Date "2009.08.22"]
[Round "11.7"]
[White "Bouthier, Jacques"]
[Black "Iasman, Inna"]
[Result "1-0"]
[WhiteElo "1896"]
[BlackElo "1947"]
[PlyCount "61"]
[EventDate "2009.??.??"]

1. e4 c6 2. d4 d5 3. Nd2 dxe4 4. Nxe4 Nd7 5. Ng5 Ngf6 6. Bd3 e6 7. N1f3 Bd6 8.
Qe2 h6 9. Ne4 Nxe4 10. Qxe4 Nf6 11. Qe2 O-O 12. Bd2 c5 13. O-O-O Qc7 14. Kb1 b6
15. dxc5 bxc5 16. c4 Bb7 17. Bc3 Rad8 18. Ka1 a5 19. Bb1 Bc6 20. Rhe1 Qb7 21.
Nh4 Be7 22. Rc1 Rfe8 23. f4 Ne4 24. Bxe4 Bxh4 25. Bxc6 Qxc6 26. Qg4 g5 27. g3
Qg2 28. Re2 Qb7 29. gxh4 f5 30. Qh5 g4 31. Qg6+ 1-0

[Event "Championnat de France - Open B"]
[Site "Nimes"]
[Date "2009.08.22"]
[Round "11.8"]
[White "Masset, Jacques"]
[Black "Canterel, Remi"]
[Result "0-1"]
[WhiteElo "1946"]
[BlackElo "1842"]
[PlyCount "80"]
[EventDate "2009.??.??"]

1. f4 Nf6 2. Nf3 b6 3. g3 Bb7 4. Bg2 e6 5. O-O d5 6. d3 Bc5+ 7. e3 O-O 8. Qe2
Nbd7 9. Nbd2 Re8 10. Ne5 Bd6 11. Ndf3 c5 12. Bd2 Qc7 13. Nxd7 Qxd7 14. Bc3 Qc7
15. Bxf6 gxf6 16. Nh4 Bf8 17. Qh5 Bg7 18. f5 Qe5 19. Rae1 Qc7 20. Rf4 e5 21.
Rg4 Kh8 22. Nf3 h6 23. e4 dxe4 24. dxe4 Rad8 25. Rh4 Kg8 26. h3 c4 27. Bf1 Qc5+
28. Kg2 Rd6 29. Rg4 Kf8 30. h4 Red8 31. Re2 Ba6 32. Rf2 b5 33. c3 b4 34. cxb4
Qxb4 35. b3 cxb3 36. Bxa6 b2 37. Nxe5 fxe5 38. f6 Rxf6 39. Rxf6 Bxf6 40. Qxh6+
Ke7 0-1

[Event "Championnat de France - Open B"]
[Site "Nimes"]
[Date "2009.08.22"]
[Round "11.9"]
[White "Assedo, Johaquim"]
[Black "Naudion, Gregoire"]
[Result "0-1"]
[WhiteElo "1823"]
[BlackElo "1926"]
[PlyCount "86"]
[EventDate "2009.??.??"]

1. e4 g6 2. d4 Bg7 3. Nc3 c6 4. f4 d5 5. e5 Nh6 6. Nf3 f6 7. Bd3 O-O 8. Bd2 Bg4
9. O-O fxe5 10. fxe5 e6 11. Qe1 Bxf3 12. Rxf3 Rxf3 13. gxf3 c5 14. dxc5 Nd7 15.
b4 Nxe5 16. Qe2 Qf6 17. f4 Nxd3 18. cxd3 Re8 19. Re1 Qd4+ 20. Kh1 a6 21. Na4
Nf5 22. Qf3 Qf6 23. Bc3 Qh4 24. Rg1 Bxc3 25. Nxc3 Qf6 26. Na4 Qd4 27. a3 a5 28.
Nb6 axb4 29. axb4 Qxb4 30. Nd7 Re7 31. Nf6+ Kg7 32. Nh5+ Kf7 33. Qg4 Qxc5 34.
Qh3 Qe3 35. Ng3 Qf3+ 36. Rg2 h5 37. Kg1 Rc7 38. Rf2 Rc1+ 39. Rf1 Nxg3 40. hxg3
Rxf1+ 41. Qxf1 Qxf1+ 42. Kxf1 Kf6 43. d4 Kf5 0-1

[Event "Championnat de France - Open B"]
[Site "Nimes"]
[Date "2009.08.21"]
[Round "11.10"]
[White "Pluyaud, Benoit"]
[Black "Collier, Timothy"]
[Result "1/2-1/2"]
[WhiteElo "1827"]
[BlackElo "1920"]
[PlyCount "54"]
[EventDate "2009.??.??"]

1. d4 Nf6 2. Nf3 d5 3. c4 e6 4. Nc3 c6 5. a3 Nbd7 6. e3 Be7 7. Bd3 dxc4 8. Bxc4
b5 9. Bd3 a6 10. e4 c5 11. e5 Nd5 12. Nxd5 exd5 13. O-O Nf8 14. dxc5 Bxc5 15.
Bg5 Be7 16. Bxe7 Qxe7 17. Nd4 g6 18. Rc1 Ne6 19. Nc6 Qg5 20. Nb4 Qxe5 21. Re1
Qg5 22. Qf3 O-O 23. Qxd5 Qxd5 24. Nxd5 Kg7 25. Nc7 Ra7 26. Nxe6+ Bxe6 27. h3
Rd8 1/2-1/2